[Event "RM-2012-0-00111"]
[Site "LSS email"]
[Date "2013.01.18"]
[Round "?"]
[White "Novak, Joze"]
[Black "Janosi, Ervin"]
[Result "1-0"]
[WhiteElo "2269"]
[BlackElo "1834"]
[PlyCount "53"]
[EventDate "2012.11.21"]
[EventType "tourn (corr)"]
[EventRounds "6"]
[EventCountry "GER"]
[SourceTitle "Telechess CBM 159"]
[Source "ChessBase"]
[SourceDate "2014.03.17"]
[SourceVersion "1"]
[SourceVersionDate "2014.03.17"]
[SourceQuality "1"]

1. d4 Nf6 2. c4 g6 3. g3 Bg7 4. Bg2 c5 5. Nf3 cxd4 6. Nxd4 0-0 7. Nc3 Qc7 8. Qd3 Nc6 9. 0-0 d6 10. b3 Nxd4 11. Qxd4 Ne4 12. Qxe4 Bxc3 13. Bh6 Bxa1 14. Bxf8 Bf6 15. Bh6 Rb8 16. Qe3 b6 17. h4 Qc5 18. Qd2 Be6 19. Bd5 Qc8 20. Rc1 Qd7 21. Rd1 Rc8 22. a4 Rc5 23. e4 Rc8 24. Qe3 Bg4 25. f3 Bh3 26. Kh2 Be6 27. Rh1 1-0

[Event "RA-2012-0-00255"]
[Site "LSS email"]
[Date "2013.01.17"]
[Round "?"]
[White "Janosi, Ervin"]
[Black "Oliveira, Diogo Luiz"]
[Result "0-1"]
[WhiteElo "1835"]
[BlackElo "2148"]
[PlyCount "54"]
[EventDate "2012.12.15"]
[EventType "tourn (corr)"]
[EventRounds "6"]
[EventCountry "GER"]
[SourceTitle "Telechess CBM 159"]
[Source "ChessBase"]
[SourceDate "2014.03.17"]
[SourceVersion "1"]
[SourceVersionDate "2014.03.17"]
[SourceQuality "1"]

1. d4 Nf6 2. c4 g6 3. Nc3 Bg7 4. e4 d6 5. Nf3 0-0 6. h3 Na6 7. Bg5 Qe8 8. g4 c5 9. Bg2 h5 10. Bxf6 exf6 11. gxh5 f5 12. hxg6 fxe4 13. Ng5 fxg6 14. Ncxe4 Bxd4 15. 0-0 Nc7 16. Qd2 Qd8 17. Rae1 Bf5 18. Ng3 Rb8 19. Nf3 Bg7 20. Nxf5 Rxf5 21. Re4 d5 22. Rg4 dxc4 23. Qc2 Qd3 24. Qa4 a6 25. Nh4 Rf7 26. Nxg6 b5 27. Qa5 Qd6 0-1

[Event "RA-2012-0-00255"]
[Site "LSS email"]
[Date "2013.01.17"]
[Round "?"]
[White "Morcin, Tom"]
[Black "Janosi, Ervin"]
[Result "1-0"]
[WhiteElo "2105"]
[BlackElo "1835"]
[PlyCount "47"]
[EventDate "2012.12.15"]
[EventType "tourn (corr)"]
[EventRounds "6"]
[EventCountry "GER"]
[SourceTitle "Telechess CBM 159"]
[Source "ChessBase"]
[SourceDate "2014.03.17"]
[SourceVersion "1"]
[SourceVersionDate "2014.03.17"]
[SourceQuality "1"]

1. e4 e5 2. Nf3 Nc6 3. Bb5 a6 4. Ba4 Nf6 5. 0-0 Be7 6. Re1 b5 7. Bb3 0-0 8. c3 d6 9. h3 Na5 10. Bc2 c5 11. d4 Qc7 12. Nbd2 cxd4 13. cxd4 Nc6 14. Nb3 a5 15. Be3 a4 16. Nbd2 Bd7 17. Rc1 Rac8 18. Nf1 Qb8 19. Ng3 Rfe8 20. b3 axb3 21. Bxb3 Na5 22. Rxc8 Rxc8 23. Bd2 Bd8 24. dxe5 1-0

[Event "SA-2012-0-00326"]
[Site "LSS email"]
[Date "2013.01.12"]
[Round "?"]
[White "Aberg, Lars Erik"]
[Black "Janosi, Ervin"]
[Result "1-0"]
[WhiteElo "2017"]
[BlackElo "1833"]
[PlyCount "27"]
[EventDate "2012.12.23"]
[EventType "tourn (corr)"]
[EventRounds "6"]
[EventCountry "GER"]
[SourceTitle "Corr 2015"]
[Source "ChessBase"]
[SourceDate "2015.07.17"]
[SourceVersion "1"]
[SourceVersionDate "2015.07.17"]
[SourceQuality "1"]

1. d4 Nf6 2. c4 g6 3. Nc3 d5 4. cxd5 Nxd5 5. e4 Nxc3 6. bxc3 Bg7 7. Bc4 c5 8. Ne2 Nc6 9. Be3 0-0 10. 0-0 Qc7 11. Rc1 b6 12. Bf4 e5 13. Bg3 Qe7 14. d5 1-0

[Event "SA-2012-0-00326"]
[Site "LSS email"]
[Date "2013.01.11"]
[Round "?"]
[White "Janosi, Ervin"]
[Black "Sherwood, Russell"]
[Result "0-1"]
[WhiteElo "1833"]
[BlackElo "2179"]
[PlyCount "75"]
[EventDate "2012.12.23"]
[EventType "tourn (corr)"]
[EventRounds "6"]
[EventCountry "GER"]
[SourceTitle "Telechess CBM 161"]
[Source "ChessBase"]
[SourceDate "2014.07.16"]
[SourceVersion "1"]
[SourceVersionDate "2014.07.16"]
[SourceQuality "1"]

1. e4 e5 2. Nf3 Nc6 3. Bb5 a6 4. Ba4 Nf6 5. 0-0 Be7 6. Re1 b5 7. Bb3 0-0 8. c3 d6 9. d4 Bg4 10. Be3 exd4 11. cxd4 Na5 12. Bc2 c5 13. h3 Bh5 14. Nbd2 cxd4 15. Bxd4 Nc6 16. Be3 d5 17. Rc1 Rc8 18. exd5 Qxd5 19. Bb3 Qd7 20. a3 Rfd8 21. Ba2 Bd6 22. Qb3 h6 23. Bb6 Re8 24. Rxe8+ Rxe8 25. Rd1 Qb7 26. Be3 Ne5 27. Bd4 Bb8 28. Bxe5 Bxe5 29. Nxe5 Rxe5 30. Rc1 Re2 31. Qd3 Qd7 32. Qxd7 Nxd7 33. Rc8+ Kh7 34. Bb1+ Bg6 35. Bxg6+ fxg6 36. Rc2 Re1+ 37. Kh2 Re2 38. Kg1 0-1

[Event "SA-2012-0-00325"]
[Site "LSS email"]
[Date "2013.01.07"]
[Round "?"]
[White "Khan, Valery"]
[Black "Janosi, Ervin"]
[Result "1-0"]
[WhiteElo "2131"]
[BlackElo "1833"]
[PlyCount "91"]
[EventDate "2012.12.19"]
[EventType "tourn (corr)"]
[EventRounds "6"]
[EventCountry "GER"]
[SourceTitle "Telechess CBM 161"]
[Source "ChessBase"]
[SourceDate "2014.07.16"]
[SourceVersion "1"]
[SourceVersionDate "2014.07.16"]
[SourceQuality "1"]

1. d4 Nf6 2. c4 g6 3. Nf3 d5 4. g3 c6 5. Bg2 Bg7 6. 0-0 0-0 7. cxd5 cxd5 8. Nc3 Nc6 9. Ne5 Bf5 10. Be3 Qb6 11. Qd2 Rfd8 12. Rfd1 Ne4 13. Bxe4 dxe4 14. Nxc6 bxc6 15. Na4 Qb7 16. Qc2 Rd6 17. Rd2 Rad8 18. Rad1 a5 19. Nc5 Qa7 20. Kg2 Rd5 21. Qc4 h5 22. b3 h4 23. Qc3 Kh7 24. h3 Bc8 25. Qc4 hxg3 26. fxg3 f5 27. a3 R8d6 28. Bf4 g5 29. Bxd6 exd6 30. Na4 Ba6 31. Qc3 c5 32. Qe3 cxd4 33. Qxg5 Bh6 34. Qh5 Qg7 35. Nb6 Re5 36. Nc4 Bxc4 37. bxc4 d3 38. Rb1 f4 39. Qh4 dxe2 40. Rxd6 f3+ 41. Kh1 f2 42. Rxh6+ Qxh6 43. Rb7+ Kg6 44. Rb6+ Kf7 45. Rb7+ Kg6 46. Rb6+ 1-0

[Event "RA-2012-0-00250"]
[Site "LSS email"]
[Date "2012.12.12"]
[Round "?"]
[White "Khan, Valery"]
[Black "Janosi, Ervin"]
[Result "1-0"]
[WhiteElo "2066"]
[BlackElo "1835"]
[PlyCount "105"]
[EventDate "2012.11.07"]
[EventType "tourn (corr)"]
[EventRounds "6"]
[EventCountry "GER"]
[SourceTitle "Telechess CBM 159"]
[Source "ChessBase"]
[SourceDate "2014.03.17"]
[SourceVersion "1"]
[SourceVersionDate "2014.03.17"]
[SourceQuality "1"]

1. e4 e5 2. Nf3 Nc6 3. Bb5 a6 4. Ba4 Nf6 5. 0-0 b5 6. Bb3 Be7 7. d4 d6 8. dxe5 Nxe5 9. Nxe5 dxe5 10. Qxd8+ Bxd8 11. Be3 Bb7 12. f3 Be7 13. a4 0-0 14. Nc3 b4 15. Nd1 a5 16. Nf2 Ba6 17. Nd3 Nd7 18. Rfd1 Rfd8 19. Bd5 Rac8 20. Bc6 Bxd3 21. cxd3 Nc5 22. Bd5 c6 23. Bc4 Rd7 24. Kf1 Ne6 25. Rac1 c5 26. g3 g6 27. Bd5 Rdc7 28. Bxe6 fxe6 29. h4 Kg7 30. Ke2 Bd6 31. Rc4 Rb8 32. Rdc1 Rbc8 33. b3 h6 34. R1c2 h5 35. f4 exf4 36. gxf4 Kf7 37. e5 Be7 38. Bf2 Rd7 39. Bxc5 Bxh4 40. Bb6 Rxc4 41. dxc4 Bd8 42. c5 Rd5 43. Bxd8 Rxd8 44. c6 Ke7 45. Ke3 Ke8 46. Rc5 Ra8 47. Kd4 Kd8 48. Rb5 Kc7 49. Rb7+ Kxc6 50. Re7 h4 51. Rxe6+ Kd7 52. Rxg6 Rh8 53. Rg7+ 1-0

[Event "RM-2012-0-00111"]
[Site "LSS email"]
[Date "2012.12.02"]
[Round "?"]
[White "Janosi, Ervin"]
[Black "Sherwood, Russell"]
[Result "0-1"]
[WhiteElo "1834"]
[BlackElo "2163"]
[PlyCount "85"]
[EventDate "2012.11.21"]
[EventType "tourn (corr)"]
[EventRounds "6"]
[EventCountry "GER"]
[SourceTitle "Telechess CBM 159"]
[Source "ChessBase"]
[SourceDate "2014.03.17"]
[SourceVersion "1"]
[SourceVersionDate "2014.03.17"]
[SourceQuality "1"]

1. d4 Nf6 2. c4 g6 3. Nc3 d5 4. Nf3 Bg7 5. Bf4 0-0 6. e3 c5 7. dxc5 Qa5 8. Rc1 dxc4 9. Bxc4 Qxc5 10. Bb3 Nc6 11. 0-0 Qa5 12. h3 Bf5 13. Qe2 Ne4 14. Nd5 e5 15. Rxc6 bxc6 16. Ne7+ Kh8 17. Nxc6 Qb6 18. Ncxe5 Be6 19. Bxe6 Qxe6 20. a3 Rac8 21. Rd1 g5 22. Bh2 Rfd8 23. Rxd8+ Rxd8 24. Nd4 Qd5 25. Nec6 Bxd4 26. Nxd8 Bb6 27. Nxf7+ Qxf7 28. Be5+ Kg8 29. b4 Qe6 30. Bb2 h6 31. Qd3 Qf5 32. Qe2 Kf8 33. g4 Qd5 34. Qf3+ Kg8 35. Kg2 a6 36. a4 Ba7 37. b5 axb5 38. axb5 Qxb5 39. Qxe4 Qxb2 40. Qe6+ Kh7 41. Qf5+ Kh8 42. Qc8+ Kh7 43. Qf5+ 0-1

[Event "SM-2012-0-00225"]
[Site "LSS email"]
[Date "2012.11.03"]
[Round "?"]
[White "Janosi, Ervin"]
[Black "Simal Moreira, Leonardo"]
[Result "0-1"]
[WhiteElo "1833"]
[BlackElo "2180"]
[PlyCount "38"]
[EventDate "2012.10.19"]
[EventType "tourn (corr)"]
[EventRounds "6"]
[EventCountry "GER"]
[SourceTitle "Corr 2015"]
[Source "ChessBase"]
[SourceDate "2015.07.17"]
[SourceVersion "1"]
[SourceVersionDate "2015.07.17"]
[SourceQuality "1"]

1. b3 d5 2. Bb2 Bf5 3. e3 e6 4. Nf3 Nd7 5. d4 c6 6. Bd3 Qf6 7. 0-0 h6 8. c4 Bb4 9. a3 Bd6 10. Nc3 Bg4 11. Be2 Bf5 12. Nd2 Qh4 13. g3 Qe7 14. e4 dxe4 15. Ndxe4 Ngf6 16. Nxd6+ Qxd6 17. a4 Qc7 18. Ba3 Rd8 19. Qc1 a6 0-1

[Event "RA-2012-0-00240"]
[Site "LSS email"]
[Date "2012.10.10"]
[Round "?"]
[White "Janosi, Ervin"]
[Black "Tarmak, Mart"]
[Result "1-0"]
[WhiteElo "2102"]
[BlackElo "2041"]
[PlyCount "71"]
[EventDate "2012.09.08"]
[EventType "tourn (corr)"]
[EventRounds "6"]
[EventCountry "GER"]
[SourceTitle "Telechess CBM 165"]
[Source "ChessBase"]
[SourceDate "2015.03.11"]
[SourceVersion "1"]
[SourceVersionDate "2015.03.11"]
[SourceQuality "1"]

1. d4 Nf6 2. Nf3 d6 3. c4 g6 4. Nc3 Bf5 5. Ng5 Bd7 6. e4 e5 7. dxe5 dxe5 8. Be2 Bg7 9. 0-0 0-0 10. Nf3 Nc6 11. h3 Be6 12. Be3 Nh5 13. Qxd8 Rfxd8 14. Nd5 Nd4 15. Nxd4 exd4 16. Bg5 Rd7 17. g4 h6 18. Bd2 Nf6 19. Bd3 h5 20. Nxf6+ Bxf6 21. f4 Re7 22. g5 Bh8 23. f5 Bd7 24. f6 Ree8 25. h4 c5 26. b4 b6 27. a4 a5 28. bxc5 bxc5 29. Kf2 Bc6 30. Kf3 Re6 31. Kf4 Bxf6 32. gxf6 Rxf6+ 33. Kg5 Re6 34. Rf6 Rxf6 35. Kxf6 Ra6 36. Ke5 1-0

[Event "RA-2012-0-00240"]
[Site "LSS email"]
[Date "2012.10.10"]
[Round "?"]
[White "Sherwood, Russell"]
[Black "Janosi, Ervin"]
[Result "1/2-1/2"]
[WhiteElo "2186"]
[BlackElo "2102"]
[PlyCount "39"]
[EventDate "2012.09.08"]
[EventType "tourn (corr)"]
[EventRounds "6"]
[EventCountry "GER"]
[SourceTitle "Telechess CBM 165"]
[Source "ChessBase"]
[SourceDate "2015.03.11"]
[SourceVersion "1"]
[SourceVersionDate "2015.03.11"]
[SourceQuality "1"]

1. e4 Nc6 2. d4 e6 3. Nf3 d5 4. e5 Nge7 5. Nc3 b6 6. a3 Qd7 7. Bd3 Bb7 8. 0-0 Nf5 9. Ne2 a5 10. g4 Nfe7 11. Ng3 g6 12. Bg5 Bg7 13. c3 h6 14. Bf6 Bxf6 15. exf6 Nc8 16. Qe2 Qd8 17. Bxg6 Qxf6 18. Bd3 Nd6 19. Ne5 0-0-0 20. f3 1/2-1/2

[Event "RA-2012-0-00240"]
[Site "LSS email"]
[Date "2012.10.10"]
[Round "?"]
[White "Silva Filho, Alcindo Luz Bastos"]
[Black "Janosi, Ervin"]
[Result "1/2-1/2"]
[WhiteElo "2111"]
[BlackElo "2102"]
[PlyCount "87"]
[EventDate "2012.09.08"]
[EventType "tourn (corr)"]
[EventRounds "6"]
[EventCountry "GER"]
[SourceTitle "Telechess CBM 165"]
[Source "ChessBase"]
[SourceDate "2015.03.11"]
[SourceVersion "1"]
[SourceVersionDate "2015.03.11"]
[SourceQuality "1"]

1. e4 e6 2. d4 d5 3. e5 c5 4. c3 Nc6 5. Nf3 Qb6 6. a3 c4 7. Nbd2 Na5 8. Rb1 Nh6 9. b3 cxb3 10. Nxb3 Bd7 11. Bg5 Nxb3 12. Rxb3 Qc7 13. Bxh6 gxh6 14. Qa1 Rc8 15. a4 Qa5 16. Kd2 h5 17. Bb5 Bh6+ 18. Ke2 Bxb5+ 19. axb5 Qc7 20. Qa4 0-0 21. Rhb1 Ra8 22. Kf1 Rfc8 23. g3 Qc4+ 24. Qxc4 Rxc4 25. Ke2 Ra4 26. Ne1 Bf8 27. Rc1 Rc8 28. Nc2 f6 29. exf6 Kf7 30. Kd3 Kxf6 31. Rbb1 Ra5 32. Re1 Bd6 33. Re3 Bc7 34. Rbe1 Re8 35. Ra1 h4 36. Rxa5 Bxa5 37. Rf3+ Ke7 38. Ne3 h5 39. Rf4 hxg3 40. fxg3 Rg8 41. Rh4 Rg5 42. g4 hxg4 43. Nxg4 Rg7 44. Ne3 1/2-1/2

[Event "WC-2012-Q-00011"]
[Site "LSS email"]
[Date "2012.09.11"]
[Round "?"]
[White "Degterev, Pavel"]
[Black "Janosi, Ervin"]
[Result "1-0"]
[WhiteElo "2323"]
[BlackElo "2213"]
[PlyCount "61"]
[EventDate "2012.09.17"]
[EventType "tourn (corr)"]
[EventRounds "12"]
[EventCountry "GER"]
[SourceTitle "Corr 2022"]
[Source "ChessBase"]
[SourceDate "2021.10.24"]
[SourceVersion "1"]
[SourceVersionDate "2021.10.24"]
[SourceQuality "1"]

1. b4 e5 2. Bb2 Bxb4 3. Bxe5 Nf6 4. c4 Nc6 5. Bb2 d5 6. cxd5 Qxd5 7. a3 Ba5 8. Nc3 Qd6 9. e3 0-0 10. Nf3 Ne5 11. Nxe5 Qxe5 12. Be2 c6 13. 0-0 Re8 14. Rc1 Qd6 15. d3 Bc7 16. g3 Bh3 17. Re1 Rad8 18. Qa4 Qd7 19. Qxa7 Ra8 20. Qc5 Bd6 21. Qb6 Ra6 22. Qb3 Be6 23. Qc2 Bxa3 24. Ra1 Bxb2 25. Qxb2 Rea8 26. Rxa6 Rxa6 27. Rd1 Qe7 28. d4 Ra3 29. Ra1 Rxa1+ 30. Qxa1 g6 31. Bf3 1-0

[Event "WC-2012-Q-00011"]
[Site "LSS email"]
[Date "2012.09.11"]
[Round "?"]
[White "Djoudi, Amar"]
[Black "Janosi, Ervin"]
[Result "1/2-1/2"]
[WhiteElo "2282"]
[BlackElo "2213"]
[PlyCount "81"]
[EventDate "2012.09.17"]
[EventType "tourn (corr)"]
[EventRounds "12"]
[EventCountry "GER"]
[SourceTitle "Corr 2022"]
[Source "ChessBase"]
[SourceDate "2021.10.24"]
[SourceVersion "1"]
[SourceVersionDate "2021.10.24"]
[SourceQuality "1"]

1. c4 Nf6 2. d4 e6 3. Nf3 Bb4+ 4. Bd2 Bxd2+ 5. Qxd2 d5 6. Nc3 0-0 7. e3 Qe7 8. Rc1 Rd8 9. cxd5 exd5 10. Bd3 Nc6 11. Bb5 Rd6 12. Bxc6 Rxc6 13. Ne5 Re6 14. f3 c6 15. 0-0 Nd7 16. Nd3 Nf6 17. Nf4 Rd6 18. e4 dxe4 19. fxe4 Rd8 20. h3 Nxe4 21. Nxe4 Qxe4 22. Rce1 Qf5 23. Qc3 Qf6 24. Ne6 Qxf1+ 25. Rxf1 Bxe6 26. Re1 Rd7 27. Qc5 h6 28. a4 Rd5 29. Qc3 Rad8 30. Re4 a5 31. b3 R8d7 32. Kh2 Kh7 33. Qe3 R5d6 34. Qc3 Bd5 35. Re5 Be6 36. Qd3+ g6 37. Rxa5 Rxd4 38. Qf3 Bd5 39. Qc3 Bxg2 40. Kxg2 Rd2+ 41. Kg1 1/2-1/2

[Event "WC-2012-Q-00011"]
[Site "LSS email"]
[Date "2012.09.11"]
[Round "?"]
[White "Janosi, Ervin"]
[Black "Degterev, Pavel"]
[Result "0-1"]
[WhiteElo "2213"]
[BlackElo "2323"]
[PlyCount "62"]
[EventDate "2012.09.17"]
[EventType "tourn (corr)"]
[EventRounds "12"]
[EventCountry "GER"]
[SourceTitle "Corr 2022"]
[Source "ChessBase"]
[SourceDate "2021.10.24"]
[SourceVersion "1"]
[SourceVersionDate "2021.10.24"]
[SourceQuality "1"]

1. b3 e5 2. Bb2 Nc6 3. e3 Nf6 4. Bb5 e4 5. Ne2 a6 6. Bxc6 dxc6 7. d4 Qd5 8. Nd2 Qg5 9. Ng3 h5 10. 0-0 Qg6 11. Ne2 h4 12. h3 Nh5 13. Kh1 Bf5 14. c4 Qe6 15. Qc2 0-0-0 16. d5 Qd7 17. Ng1 Rh6 18. Rfd1 c5 19. b4 g5 20. bxc5 Bxc5 21. Nb3 Bxe3 22. Re1 Bb6 23. Qd2 Rg6 24. c5 Ba7 25. Qe3 Kb8 26. Be5 Qe7 27. Bd4 Rxd5 28. Rab1 Nf4 29. Ne2 Nxe2 30. Rxe2 Ka8 31. c6 b6 0-1

[Event "WC-2012-Q-00011"]
[Site "LSS email"]
[Date "2012.09.11"]
[Round "?"]
[White "Janosi, Ervin"]
[Black "Haug, Ulrich"]
[Result "0-1"]
[WhiteElo "2213"]
[BlackElo "2431"]
[PlyCount "60"]
[EventDate "2012.09.17"]
[EventType "tourn (corr)"]
[EventRounds "12"]
[EventCountry "GER"]
[SourceTitle "Corr 2022"]
[Source "ChessBase"]
[SourceDate "2021.10.24"]
[SourceVersion "1"]
[SourceVersionDate "2021.10.24"]
[SourceQuality "1"]

1. e4 e6 2. d4 d5 3. Nc3 Nf6 4. e5 Nfd7 5. f4 c5 6. Nf3 Nc6 7. Be3 Be7 8. a3 0-0 9. Qd2 b6 10. Bd3 f6 11. exf6 Nxf6 12. Bb5 Qc7 13. Bxc6 Qxc6 14. Ne5 Qe8 15. 0-0-0 a5 16. g4 b5 17. g5 Nd7 18. Nc6 b4 19. Nb5 bxa3 20. Nxe7+ Qxe7 21. Nxa3 c4 22. Rde1 Nb6 23. Nb1 Qb7 24. Qc3 Bd7 25. Qa3 c3 26. bxc3 Nc4 27. Qa2 a4 28. Nd2 a3 29. Nxc4 dxc4 30. Rhf1 Qd5 0-1

[Event "RA-2012-0-00234"]
[Site "LSS email"]
[Date "2012.09.02"]
[Round "?"]
[White "Janosi, Ervin"]
[Black "De Melo, Gerson Luis"]
[Result "1/2-1/2"]
[WhiteElo "2102"]
[BlackElo "2055"]
[PlyCount "79"]
[EventDate "2012.08.11"]
[EventType "tourn (corr)"]
[EventRounds "6"]
[EventCountry "GER"]
[SourceTitle "Telechess CBM 165"]
[Source "ChessBase"]
[SourceDate "2015.03.11"]
[SourceVersion "1"]
[SourceVersionDate "2015.03.11"]
[SourceQuality "1"]

1. d4 d5 2. Nf3 Nf6 3. c4 c6 4. Nc3 dxc4 5. a4 Bg4 6. Ne5 Bh5 7. f3 Nfd7 8. Nxc4 e5 9. e4 Bb4 10. dxe5 0-0 11. h4 h6 12. g4 Bg6 13. h5 Bh7 14. g5 b5 15. axb5 cxb5 16. g6 bxc4 17. Bxc4 Nxe5 18. Bd5 Nbd7 19. gxh7+ Kxh7 20. f4 Qc7 21. fxe5 Bxc3+ 22. bxc3 Qxc3+ 23. Kf2 Qxa1 24. Bxa8 Qa2+ 25. Kg3 Rc8 26. Qf3 Qc2 27. Re1 Rc3 28. Be3 Nxe5 29. Qf5+ Kg8 30. Qxe5 Qd2 31. Re2 Rxe3+ 32. Rxe3 Qxe3+ 33. Kh4 Qf2+ 34. Qg3 Qf6+ 35. Kh3 a5 36. Bd5 Qf1+ 37. Kg4 a4 38. Qf3 Qxf3+ 39. Kxf3 Kf8 40. e5 1/2-1/2

[Event "RA-2012-0-00234"]
[Site "LSS email"]
[Date "2012.09.02"]
[Round "?"]
[White "Nenciulescu, Silviu Catalin"]
[Black "Janosi, Ervin"]
[Result "1/2-1/2"]
[WhiteElo "2112"]
[BlackElo "2102"]
[PlyCount "45"]
[EventDate "2012.08.11"]
[EventType "tourn (corr)"]
[EventRounds "6"]
[EventCountry "GER"]
[SourceTitle "Telechess CBM 165"]
[Source "ChessBase"]
[SourceDate "2015.03.11"]
[SourceVersion "1"]
[SourceVersionDate "2015.03.11"]
[SourceQuality "1"]

1. d4 Nf6 2. c4 e6 3. Nf3 Bb4+ 4. Bd2 a5 5. g3 d6 6. Bg2 Nbd7 7. 0-0 e5 8. e3 c6 9. a3 Bxd2 10. Nbxd2 0-0 11. dxe5 Nxe5 12. Qc2 Qe7 13. b3 Rd8 14. h3 Bd7 15. Rfe1 Nxf3+ 16. Nxf3 d5 17. cxd5 Nxd5 18. Qb2 h6 19. Nd4 Nc7 20. Red1 Qf6 21. Rd2 Bf5 22. Rad1 Ne6 23. Nxe6 1/2-1/2

[Event "RA-2012-0-00234"]
[Site "LSS email"]
[Date "2012.09.01"]
[Round "?"]
[White "Janosi, Ervin"]
[Black "Cimicki, Dariusz"]
[Result "1-0"]
[WhiteElo "2102"]
[BlackElo "2085"]
[PlyCount "53"]
[EventDate "2012.08.11"]
[EventType "tourn (corr)"]
[EventRounds "6"]
[EventCountry "GER"]
[SourceTitle "Telechess CBM 165"]
[Source "ChessBase"]
[SourceDate "2015.03.11"]
[SourceVersion "1"]
[SourceVersionDate "2015.03.11"]
[SourceQuality "1"]

1. d4 d5 2. Nf3 Nf6 3. Bf4 c5 4. e3 Nc6 5. c3 Qb6 6. Qc2 Bg4 7. dxc5 Qxc5 8. Nbd2 e6 9. Bd3 Rd8 10. 0-0 Qb6 11. Nd4 Be7 12. a4 0-0 13. a5 Nxa5 14. b4 Nc6 15. Nxc6 Qxc6 16. Rxa7 Ra8 17. Rfa1 Rxa7 18. Rxa7 Rc8 19. h3 Bh5 20. Nb3 Qb6 21. Qa2 Bg6 22. Bf1 Ne4 23. Qa5 Qc6 24. Be5 Rf8 25. b5 Qc8 26. Qc7 Qxc7 27. Bxc7 1-0